Informe final: Un estado de la cuestión sobre turismo, identidad y desarrollo local/
Сохранить в:
| Главный автор: | |
|---|---|
| Формат: | Текст |
| Язык: | Spanish |
| Опубликовано: |
San José, Costa Rica:
UCR. FCS. IIS,
octubre 2005
|
| Метки: |
Добавить метку
Нет меток, Требуется 1-ая метка записи!
|
MARC
| LEADER | 00000 a a2200000 04500 | ||
|---|---|---|---|
| 003 | cru CIDCACS/IIS | ||
| 005 | 20231115103449.0 | ||
| 008 | 231115s |||||||| |||| 00| 0 spa d | ||
| 040 | |c cru CIDCACS/IIS | ||
| 100 | 1 | |a Molina Alfaro, Eugenia |9 3247 |e Autora | |
| 245 | 1 | |a Informe final: |b Un estado de la cuestión sobre turismo, identidad y desarrollo local/ |c Eugenia Molina Alfaro | |
| 260 | |a San José, Costa Rica: |b UCR. FCS. IIS, |c octubre 2005 | ||
| 300 | |a 164 páginas | ||
| 500 | |a Proyecto : El potencial de los espacios locales para la resolución de los problemas del desarrollo y la conformación de identidades, número : 725-A-1-100 | ||
| 500 | |a Colección Centroamérica | ||
| 942 | |2 ddc |c PP | ||
| 999 | |c 45344 |d 45344 | ||
| 773 | 0 | |0 44044 |9 9992 |a Instituto de Investigaciones Sociales (UCR) |d San José, Costa Rica, Instituto de Investigaciones Sociales. Facultad de Ciencias Sociales. Universidad de Costa Rica: 1975- |o 00267 |t Serie Informes Finales de Investigación / | |
